000 01331nam a2200313 u 4500
001
003 DO-SdBNP
005 20260417110237.0
008 100802s2015 dr r 000 0 spa d
020 _a9789945897098
040 _aDO-SdBNP
_bspa
_cBPMSU
082 _a342.729306
_bR264d 2015
_222
100 1 _aRay Guevara, Milton
245 1 0 _aDiscursos del presidente del Tribunal Constitucional /
_cMilton Ray Guevara; editor Adriano Miguel Tejada.
260 _aSanto Domingo :
_bTribunal Constitucional de la República Dominicana,
_c2015.
300 _av. ;
_c29 cm.
500 _aIncluye datos biográficos del autor en la solapa de la cubierta
504 _aIncluye referencias bibliográficas y notas al pie de las páginas
505 0 _av. 1 : ¡Vivir en constitución!. ; v.2 : Generación constitucional .
590 _aInventariado, 2021/VM
650 4 _aTribunales constitucionales
_zRepública Dominicana
_vInformes |
650 4 _aTribunales constitucionales
_zRepública Dominicana
_vEnsayos, conferencias, etc
651 4 _aRepáublica Dominicana
_xDerecho constitucional
_vInforme
651 4 _aRepública Dominicana
_xConstitución (2010)
_v
700 1 _aMiguel Tejada, Adriano,
_eed.
710 2 _aTribunal Constitucional de la República Dominicana
910 _aVMateo V.
942 _2ddc
_cBK
999 _c13899
_d13899